Recent developments in rent review: an appraisal in the light of the Thirteenth Annual Rent Review Conference 1&2 (Record no. 34167)

MARC details
000 -LEADER
fixed length control field 00927cab a2200205 4500
001 - CONTROL NUMBER
control field ABS45922
008 - FIXED-LENGTH DATA ELEMENTS--GENERAL INFORMATION
fixed length control field 090401t1991 xxu||||| |||| 00| 0 eng d
035 ## - SYSTEM CONTROL NUMBER
System control number (Sirsi) u55911
041 ## - LANGUAGE CODE
Language code of text/sound track or separate title eng
100 ## - MAIN ENTRY--PERSONAL NAME
Personal name Smith, Peter F.
245 ## - TITLE STATEMENT
Title Recent developments in rent review: an appraisal in the light of the Thirteenth Annual Rent Review Conference 1&2
260 ## - PUBLICATION, DISTRIBUTION, ETC.
Date of publication, distribution, etc. 1991
350 ## - PRICE (NR) (BK AM CF MU VM SE) [OBSOLETE]
Price 0
490 ## - SERIES STATEMENT
Series statement Rent Review & Lease Renewal
Volume/sequential designation 12(1) Autumn 1991, 5-11; 12(2) Winter 1991/92, 127
520 ## - SUMMARY, ETC.
Summary, etc. Gives an appraisal of the main issues involved with rent reviews, and in particular points raised at the Henry Stewart Rent Review Conference in May 1991. Part 1 covers recent decisions, construction of the hypothetical lease, and time-limits on rent reviews. Part 2 examines the question of tenants` improvements.
650 ## - SUBJECT ADDED ENTRY--TOPICAL TERM
Topical term or geographic name entry element CASE LAW
690 ## - LOCAL SUBJECT ADDED ENTRY--TOPICAL TERM (OCLC, RLIN)
Topical term or geographic name as entry element LANDLORD AND TENANT-RENT REVIEWS
942 ## - ADDED ENTRY ELEMENTS (KOHA)
Suppress in OPAC 0
948 ## - LOCAL PROCESSING INFORMATION (OCLC); SERIES PART DESIGNATOR (RLIN)
c (OCLC) 04/03/1997
Holdings
Withdrawn status Lost status Source of classification or shelving scheme Damaged status Not for loan Home library Current library Shelving location Date acquired Total Checkouts Full call number Barcode Date last seen Copy number Price effective from Koha item type
    Dewey Decimal Classification     London London Journal article 14/09/1999   ABS45922 55911-1001 06/08/2019 1 06/08/2019 Journal article